[Event "Moia op 7th"]
[Site "Moia"]
[Date "2018.10.19"]
[Round "5"]
[White "Barcons Rovira, Jordi"]
[Black "Lazaro Medina, Jordi"]
[Result "0-1"]
[WhiteElo "1530"]
[BlackElo "1841"]
[PlyCount "72"]
[EventDate "2018.09.14"]
[EventType "swiss"]
[EventRounds "8"]
[EventCountry "ESP"]
[SourceTitle "CBM 189 Extra"]
[Source "ChessBase"]
[SourceDate "2019.06.03"]
[SourceVersion "1"]
[SourceVersionDate "2019.06.03"]
[SourceQuality "1"]

1. e4 g6 2. d4 Bg7 3. Nf3 c5 4. dxc5 Qa5+ 5. Nbd2 Qxc5 6. Bd3 Nf6 7. 0-0 0-0 8. Nb3 Qc7 9. Be3 d5 10. exd5 Nxd5 11. Bd4 e5 12. Bc5 Rd8 13. Qc1 Bg4 14. Be4 Nf6 15. Qe3 Nxe4 16. Qxe4 Be6 17. Bb4 Bd5 18. Qe2 Bc4 19. Qe4 Bxf1 20. Rxf1 Nc6 21. Bc3 Rac8 22. a4 Qd6 23. h3 Nd4 24. Qxb7 Ne2+ 25. Kh1 Nxc3 26. bxc3 Rxc3 27. Ng5 Rc7 28. Qe4 h6 29. Nf3 Qd5 30. Qe2 Qc4 31. Re1 Qxc2 32. Qxc2 Rxc2 33. Nxe5 Re8 34. Nf3 Rxe1+ 35. Nxe1 Rb2 36. Nc5 Rb1 0-1

[Event "Moia op 6th"]
[Site "Moia"]
[Date "2017.10.06"]
[Round "3"]
[White "Ambros Pladellorens, Jordi"]
[Black "Lazaro Medina, Jordi"]
[Result "0-1"]
[WhiteElo "1818"]
[BlackElo "1839"]
[PlyCount "86"]
[EventDate "2017.09.22"]
[EventType "swiss"]
[EventRounds "8"]
[EventCountry "ESP"]
[SourceTitle "CBM 189 Extra"]
[Source "ChessBase"]
[SourceDate "2019.06.03"]
[SourceVersion "1"]
[SourceVersionDate "2019.06.03"]
[SourceQuality "1"]

1. d4 Nf6 2. c4 g6 3. Nc3 Bg7 4. e4 0-0 5. e5 Ne8 6. Bf4 c5 7. d5 d6 8. Nf3 Bg4 9. exd6 exd6 10. Be2 Qa5 11. Bd2 a6 12. 0-0 Qb6 13. b3 Nd7 14. Na4 Qc7 15. Bc3 Bxf3 16. Bxf3 Ne5 17. Be2 f5 18. f4 Nd7 19. Bxg7 Kxg7 20. Nc3 Nef6 21. Bf3 Rae8 22. Re1 Rxe1+ 23. Qxe1 Re8 24. Qd2 Ne4 25. Nxe4 fxe4 26. Bg4 Nf8 27. Qc3+ Kf7 28. Re1 Qe7 29. Qh8 Qf6 30. Qxf6+ Kxf6 31. Re3 Re7 32. g3 g5 33. fxg5+ Kxg5 34. Bh3 b5 35. Kf2 h5 36. Bg2 Kf5 37. Bh3+ Ke5 38. Ke2 Nh7 39. Bg2 Kd4 40. Kd2 Nf6 41. a3 Re5 42. Bf1 Rf5 43. Ke2 Rxf1 0-1